The open society and its enemies
Αποθηκεύτηκε σε:
| Κύριος συγγραφέας: | |
|---|---|
| Μορφή: | Βιβλίο |
| Γλώσσα: | English |
| Δημοσίευση: |
London :
Routledge and Kegan Paul,
1966.
|
| Έκδοση: | 5th ed., rev. |
| Θέματα: | |
| Ετικέτες: |
Προσθήκη ετικέτας
Δεν υπάρχουν, Καταχωρήστε ετικέτα πρώτοι!
|
MARC
| LEADER | 00000cam a2200000 i 4500 | ||
|---|---|---|---|
| 001 | 1/28343 | ||
| 008 | 960409s1966 enk| ||| |||| ||eng|| | ||
| 020 | |a 071004626X | ||
| 020 | |a 071004625I | ||
| 035 | |l 10023021 | ||
| 040 | |a GR-MyUa |b gre |e AACR2 | ||
| 041 | 0 | |a eng | |
| 082 | 7 | |a 320.5 |2 (22) | |
| 100 | 1 | |a Popper, Karl R. |q (Karl Raimund), |d 1902-1994. | |
| 245 | 1 | 4 | |a The open society and its enemies / |c by K. R. Popper. |
| 250 | |a 5th ed., rev. | ||
| 260 | |a London : |b Routledge and Kegan Paul, |c 1966. | ||
| 300 | |a 2 τ. ; |c 22 εκ. | ||
| 600 | 0 | 0 | |a Πλάτων, |d 428 ή 7-348 ή 7 π.Χ. |
| 600 | 1 | 0 | |a Hegel, Georg Wilhelm Friedrich, |d 1770-1831. |
| 600 | 1 | 0 | |a Marx, Karl, |d 1818-1883. |
| 650 | 0 | 0 | |a Political science |x Philosophy. |
| 650 | 0 | 0 | |a Social sciences |x Philosophy. |
| 767 | 0 | 8 | |i Μεταφρασμένο ως: |t Η ανοιχτή κοινωνία και οι εχθροί της / |
| 852 | |a INST |b CHIOS |e 19960409 |h 320.5 POP |p 005200006062 |q 005200006062 |t BK |y 0 | ||
| 852 | |a INST |b CHIOS |e 19960409 |h 320.5 POP |p 005200006063 |q 005200006063 |t BK |y 0 | ||